|
|
|
|
| LEADER |
00000cam a22000004a 4500 |
| 001 |
musev2_98488 |
| 003 |
MdBmJHUP |
| 005 |
20230905053329.0 |
| 006 |
m o d |
| 007 |
cr||||||||nn|n |
| 008 |
200730s2012 miu o 00 0 eng d |
| 020 |
|
|
|a 9781580444569
|
| 020 |
|
|
|z 9781580441803
|
| 035 |
|
|
|a (OCoLC)1178906867
|
| 040 |
|
|
|a MdBmJHUP
|c MdBmJHUP
|
| 245 |
0 |
4 |
|a The Dialogue of Solomon and Marcolf :
|b A Dual-Language Edition from Latin and Middle English Printed Editions /
|c edited by Nancy Mason Bradbury and Scott Bradbury.
|
| 264 |
|
1 |
|a Kalamazoo :
|b Medieval Institute Publications,
|c 2012.
|
| 264 |
|
3 |
|a Baltimore, Md. :
|b Project MUSE,
|c 2022
|
| 264 |
|
4 |
|c ©2012.
|
| 300 |
|
|
|a 1 online resource (118 pages).
|
| 336 |
|
|
|a text
|b txt
|2 rdacontent
|
| 337 |
|
|
|a computer
|b c
|2 rdamedia
|
| 338 |
|
|
|a online resource
|b cr
|2 rdacarrier
|
| 490 |
0 |
|
|a Middle English texts series
|
| 588 |
|
|
|a Description based on print version record.
|
| 630 |
0 |
7 |
|a Salomon et Marcolphus.
|2 fast
|0 (OCoLC)fst01372470
|
| 630 |
0 |
0 |
|a Salomon et Marcolphus.
|
| 600 |
0 |
7 |
|a Solomon,
|c King of Israel.
|2 fast
|0 (OCoLC)fst00050906
|
| 600 |
0 |
0 |
|a Solomon,
|c King of Israel
|x In literature.
|
| 650 |
|
7 |
|a Literature.
|2 fast
|0 (OCoLC)fst00999953
|
| 650 |
|
7 |
|a Dialogues, Latin (Medieval and modern)
|2 fast
|0 (OCoLC)fst00892528
|
| 650 |
|
0 |
|a Dialogues, Latin (Medieval and modern)
|x History and criticism.
|
| 650 |
|
0 |
|a Dialogues, Latin (Medieval and modern)
|v Translations into English.
|
| 655 |
|
7 |
|a Translations.
|2 fast
|0 (OCoLC)fst01423791
|
| 655 |
|
7 |
|a Criticism, interpretation, etc.
|2 fast
|0 (OCoLC)fst01411635
|
| 655 |
|
7 |
|a Electronic books.
|2 local
|
| 700 |
1 |
|
|a Bradbury, Scott.
|
| 700 |
1 |
|
|a Bradbury, Nancy M.
|
| 730 |
0 |
2 |
|a Salomon et Marcolphus.
|l English & Latin.
|
| 710 |
2 |
|
|a Project Muse.
|e distributor
|
| 830 |
|
0 |
|a Book collections on Project MUSE.
|
| 856 |
4 |
0 |
|z Texto completo
|u https://projectmuse.uam.elogim.com/book/98488/
|
| 945 |
|
|
|a Project MUSE - Custom Collection
|